000 00656nam a2200229 a 4500
008
049 _aMAIN
090 _aQR342
_bPAP
100 1 _aStent, Gunther Siegmund.
245 1 0 _aPapers on bacterial viruses /
_cselected by Gunther S. Stent.
250 _a2d ed.
260 _aBoston :
_bLittle, Brown,
_cc1965.
300 _axxxviii, 409 p. :
_bill. ;
_c25 cm.
504 _aIncludes bibliographical references.
650 0 _aVirology.
650 2 _aBacteriophages.
907 _a.b10016016
_b20-03-12
_c17-04-03
003
005 20230120203824.0
040 _cNUST
942 _cBOOKS
_kQR342
_mPAP
999 _c112098
_d112098